| 000 | 00380nam a2200157Ia 4500 | ||
|---|---|---|---|
| 008 | 230524s9999 xx 000 0 und d | ||
| 082 |
_a621.38 _bSHA |
||
| 100 | _aD.K.Sharma | ||
| 245 | 0 | _aViva Voce in Electrical Engineering | |
| 250 | _a5TH | ||
| 260 |
_aNEW DELHI _bCBS _c2005 |
||
| 300 | _aVIII;326 | ||
| 500 | _aQuantity Number: 10 | ||
| 650 | _aElectrical | ||
| 942 | _cBK | ||
| 999 |
_c26195 _d26195 |
||